000 00923nam a22002297a 4500
999 _c6970
_d6970
003 AR-CdUCM
008 190319b ||||| |||| 00| 0 spa d
040 _aMUNICIPALIDAD PROVINCIAL DEL CUSCO
_cBIBLIOTECA MUNICIPAL DEL CUSCO
082 _a709 /
_bUN57
110 _aUnited Nations Eduational, Scientific and Cultural Organization
_919206
245 _aMosaicos israelitas bizantinos /
260 _aMéxico-Buenos Aires
_bEditorial Hermes,
_c1964.
300 _a28 páginas ;
_bIlustraciones en color, desplegables
_c17 cm.
440 _aUnesco-Hermes Bolsilibros de Arte
_n14
_919650
505 _aContenido : Texto de Ernst Kitzinger -- Heptapegon (et Tabgha) -- Heptapegon (et Tabgha) -- Beth-Guvrin (cazador) -- Beth-Guvrin ( corredora)
650 _aArte
_9561
650 _aHistoria del arte
_91647
650 _aMosaicos
_919208
700 _aErnst Kitzinger
_919651
942 _2ddc
_cLIBROS
945 _admma